<?xml version="1.0" encoding="UTF-8"?>
<record
    xmlns:xsi="http://www.w3.org/2001/XMLSchema-instance"
    xsi:schemaLocation="http://www.loc.gov/MARC21/slim http://www.loc.gov/standards/marcxml/schema/MARC21slim.xsd"
    xmlns="http://www.loc.gov/MARC21/slim">

  <leader>01088nas a22003131i#4500</leader>
  <controlfield tag="001">2575</controlfield>
  <controlfield tag="003">ES-MaACL</controlfield>
  <controlfield tag="005">20250710063337.0</controlfield>
  <controlfield tag="007">t|</controlfield>
  <controlfield tag="008">950801m18581920sp a|         |  1 ||pa d</controlfield>
  <datafield tag="080" ind1=" " ind2=" ">
    <subfield code="a">(059)(460) </subfield>
  </datafield>
  <datafield tag="245" ind1="0" ind2="0">
    <subfield code="a">Almanaque del Diario de Barcelona</subfield>
  </datafield>
  <datafield tag="260" ind1=" " ind2=" ">
    <subfield code="a">Barcelona : </subfield>
    <subfield code="b">Imp. Barcelonesa, </subfield>
    <subfield code="c">1858-1920.</subfield>
  </datafield>
  <datafield tag="300" ind1=" " ind2=" ">
    <subfield code="a">6 v. ; </subfield>
    <subfield code="c">19 cm.</subfield>
  </datafield>
  <datafield tag="310" ind1=" " ind2=" ">
    <subfield code="a">Anual</subfield>
  </datafield>
  <datafield tag="362" ind1="0" ind2=" ">
    <subfield code="a">1858-1920.</subfield>
  </datafield>
  <datafield tag="530" ind1=" " ind2=" ">
    <subfield code="a">Disponible en formato digital</subfield>
  </datafield>
  <datafield tag="655" ind1=" " ind2="0">
    <subfield code="a">Almanaques</subfield>
    <subfield code="9">241262</subfield>
  </datafield>
  <datafield tag="852" ind1="1" ind2=" ">
    <subfield code="a">BA </subfield>
    <subfield code="c">DEPOF</subfield>
    <subfield code="j">T-750-F-3 </subfield>
    <subfield code="p">A&#xF1;o 1897</subfield>
  </datafield>
  <datafield tag="852" ind1=" " ind2=" ">
    <subfield code="a">ES-MaACL</subfield>
    <subfield code="c">DEPOF</subfield>
    <subfield code="j">T-1355-F-5 </subfield>
    <subfield code="p">A&#xF1;o 1914</subfield>
  </datafield>
  <datafield tag="852" ind1=" " ind2=" ">
    <subfield code="a">ES-MaACL</subfield>
    <subfield code="c">DEPOF</subfield>
    <subfield code="j">1497-F-17 </subfield>
    <subfield code="p">A&#xF1;o 1915</subfield>
  </datafield>
  <datafield tag="852" ind1=" " ind2=" ">
    <subfield code="a">ES-MaACL</subfield>
    <subfield code="c">DEPOF</subfield>
    <subfield code="j">1497-F-16 </subfield>
    <subfield code="p">A&#xF1;o 1916</subfield>
  </datafield>
  <datafield tag="852" ind1=" " ind2=" ">
    <subfield code="a">ES-MaACL</subfield>
    <subfield code="c">DEPOF</subfield>
    <subfield code="j">1530-F-10 </subfield>
    <subfield code="p">A&#xF1;o 1918</subfield>
  </datafield>
  <datafield tag="852" ind1=" " ind2=" ">
    <subfield code="a">ES-MaACL</subfield>
    <subfield code="c">DEPOF</subfield>
    <subfield code="j">1553-F-10 </subfield>
    <subfield code="p">A&#xF1;o 1920</subfield>
  </datafield>
  <datafield tag="856" ind1=" " ind2=" ">
    <subfield code="u">https://arca.bnc.cat/arcabib_pro/ca/consulta/registro.do?id=2280</subfield>
    <subfield code="y">Versi&#xF3;n en l&#xED;nea: 1858-1920</subfield>
    <subfield code="z">(ARCA: Arxiu de Revistes Catalanes Antigues)</subfield>
  </datafield>
  <datafield tag="866" ind1=" " ind2="0">
    <subfield code="o">1897,1914-16,1918,1920.</subfield>
  </datafield>
  <datafield tag="942" ind1=" " ind2=" ">
    <subfield code="2">udc</subfield>
    <subfield code="c">PERIODICA</subfield>
    <subfield code="n">0</subfield>
  </datafield>
  <datafield tag="999" ind1=" " ind2=" ">
    <subfield code="c">2575</subfield>
    <subfield code="d">2575</subfield>
  </datafield>
  <datafield tag="952" ind1=" " ind2=" ">
    <subfield code="0">0</subfield>
    <subfield code="1">0</subfield>
    <subfield code="2">udc</subfield>
    <subfield code="4">0</subfield>
    <subfield code="7">0</subfield>
    <subfield code="8">Colecci&#xF3;n_de_folletos</subfield>
    <subfield code="a">ATENEOM</subfield>
    <subfield code="b">ATENEOM</subfield>
    <subfield code="c">DEPOF</subfield>
    <subfield code="d">2010-08-30</subfield>
    <subfield code="l">0</subfield>
    <subfield code="o">1530-F-10</subfield>
    <subfield code="p">1183718</subfield>
    <subfield code="r">2023-02-23 00:00:00</subfield>
    <subfield code="y">PERIODICA</subfield>
  </datafield>
  <datafield tag="952" ind1=" " ind2=" ">
    <subfield code="0">0</subfield>
    <subfield code="1">0</subfield>
    <subfield code="2">udc</subfield>
    <subfield code="4">0</subfield>
    <subfield code="7">0</subfield>
    <subfield code="8">Colecci&#xF3;n_de_folletos</subfield>
    <subfield code="a">ATENEOM</subfield>
    <subfield code="b">ATENEOM</subfield>
    <subfield code="c">DEPOF</subfield>
    <subfield code="d">2010-08-30</subfield>
    <subfield code="l">0</subfield>
    <subfield code="o">T-1355-F-5</subfield>
    <subfield code="p">1183715</subfield>
    <subfield code="r">2023-02-23 00:00:00</subfield>
    <subfield code="y">PERIODICA</subfield>
  </datafield>
  <datafield tag="952" ind1=" " ind2=" ">
    <subfield code="0">0</subfield>
    <subfield code="1">0</subfield>
    <subfield code="2">udc</subfield>
    <subfield code="4">0</subfield>
    <subfield code="7">0</subfield>
    <subfield code="8">Colecci&#xF3;n_de_folletos</subfield>
    <subfield code="a">ATENEOM</subfield>
    <subfield code="b">ATENEOM</subfield>
    <subfield code="c">DEPOF</subfield>
    <subfield code="d">2008-01-17</subfield>
    <subfield code="l">0</subfield>
    <subfield code="o">T-750-F-3</subfield>
    <subfield code="p">1002619</subfield>
    <subfield code="r">2023-02-23 00:00:00</subfield>
    <subfield code="y">PERIODICA</subfield>
  </datafield>
  <datafield tag="952" ind1=" " ind2=" ">
    <subfield code="0">0</subfield>
    <subfield code="1">0</subfield>
    <subfield code="2">udc</subfield>
    <subfield code="4">0</subfield>
    <subfield code="7">0</subfield>
    <subfield code="8">Colecci&#xF3;n_de_folletos</subfield>
    <subfield code="a">ATENEOM</subfield>
    <subfield code="b">ATENEOM</subfield>
    <subfield code="c">DEPOF</subfield>
    <subfield code="d">2010-08-30</subfield>
    <subfield code="l">0</subfield>
    <subfield code="o">1553-F-10</subfield>
    <subfield code="p">1183719</subfield>
    <subfield code="r">2023-02-23 00:00:00</subfield>
    <subfield code="y">PERIODICA</subfield>
  </datafield>
  <datafield tag="952" ind1=" " ind2=" ">
    <subfield code="0">0</subfield>
    <subfield code="1">0</subfield>
    <subfield code="2">udc</subfield>
    <subfield code="4">0</subfield>
    <subfield code="7">0</subfield>
    <subfield code="8">Colecci&#xF3;n_de_folletos</subfield>
    <subfield code="a">ATENEOM</subfield>
    <subfield code="b">ATENEOM</subfield>
    <subfield code="c">DEPOF</subfield>
    <subfield code="d">2010-08-30</subfield>
    <subfield code="l">0</subfield>
    <subfield code="o">1497-F-17</subfield>
    <subfield code="p">1183716</subfield>
    <subfield code="r">2023-02-23 00:00:00</subfield>
    <subfield code="y">PERIODICA</subfield>
  </datafield>
  <datafield tag="952" ind1=" " ind2=" ">
    <subfield code="0">0</subfield>
    <subfield code="1">0</subfield>
    <subfield code="2">udc</subfield>
    <subfield code="4">0</subfield>
    <subfield code="7">0</subfield>
    <subfield code="8">Colecci&#xF3;n_de_folletos</subfield>
    <subfield code="a">ATENEOM</subfield>
    <subfield code="b">ATENEOM</subfield>
    <subfield code="c">DEPOF</subfield>
    <subfield code="d">2010-08-30</subfield>
    <subfield code="l">0</subfield>
    <subfield code="o">1497-F-16</subfield>
    <subfield code="p">1183717</subfield>
    <subfield code="r">2023-02-23 00:00:00</subfield>
    <subfield code="y">PERIODICA</subfield>
  </datafield>
</record>
